000
00190 a2200097 4500
020
_a
9780935526585
041
_a
eng
100
_a
Kent, Alexander
245
_a
Passage to mutiny
942
_c
BK
999
_c
29928
_d
29926